| 000 | 00634nam a2200181 4500 | ||
|---|---|---|---|
| 005 | 20251006092500.0 | ||
| 008 | 251006b |||||||| |||| 00| 0 eng d | ||
| 020 | _a9786214271924 | ||
| 082 | _aDFil 658.3 H880 2024 | ||
| 245 |
_aAdvanced human behavior organization with ethics / _cMarmelo V. Abante [and 10 others]. |
||
| 260 |
_aManila : _bUnlimited Books Library Services & Publishing Inc., _c©2024. |
||
| 300 |
_avi, 246 pages : _billustrations ; _c25 cm. |
||
| 500 | _aIncludes references. | ||
| 650 | 0 |
_aHuman behavior. _968482 |
|
| 650 | 0 |
_aOrganizational behavior. _968483 |
|
| 650 | 0 |
_aEthics. _968484 |
|
| 942 |
_2ddc _cDFIL |
||
| 999 |
_c23973 _d23973 |
||